[Event "Budapest SixDays 09 GM-B"]
[Site "Budapest"]
[Date "2023.09.19"]
[Round "2"]
[White "Yeganegi, Barad"]
[Black "Velikanov, Alexander"]
[Result "1/2-1/2"]
[WhiteElo "2261"]
[BlackElo "2327"]
[PlyCount "72"]
[EventDate "2023.09.18"]
[EventType "tourn"]
[EventRounds "9"]
[EventCountry "HUN"]
[EventCategory "6"]
[SourceTitle "EXT 2024"]
[Source "ChessBase"]
[SourceDate "2023.10.10"]
[SourceVersion "1"]
[SourceVersionDate "2023.10.10"]
[SourceQuality "1"]

1. d4 Nf6 2. c4 c5 3. d5 b5 4. cxb5 a6 5. bxa6 e6 6. Nc3 exd5 7. Nxd5 Be7 8. e3 Nxd5 9. Qxd5 Ra7 10. Nf3 0-0 11. Be2 Nxa6 12. 0-0 Bb7 13. Qd1 Qa8 14. Bd2 Nc7 15. a4 Rb8 16. b3 Be4 17. Rc1 Rb6 18. Ne1 Qb7 19. Bf3 Bxf3 20. Qxf3 Rxb3 21. Qxb7 Rbxb7 22. a5 f6 23. Nd3 d6 24. Rb1 Kf7 25. g3 Ke8 26. e4 Kd7 27. Nb2 Kc6 28. Nc4 Rxb1 29. Rxb1 Nb5 30. g4 Bd8 31. f3 d5 32. exd5+ Kxd5 33. Rxb5 Kxc4 34. Rxc5+ Kxc5 35. Be3+ Kd5 36. Bxa7 Bxa5 1/2-1/2

[Event "Budapest SixDays 09 GM"]
[Site "Budapest"]
[Date "2023.09.14"]
[Round "4"]
[White "Ilincic, Zlatko"]
[Black "Yeganegi, Barad"]
[Result "0-1"]
[WhiteElo "2289"]
[BlackElo "2261"]
[PlyCount "56"]
[EventDate "2023.09.12"]
[EventType "tourn"]
[EventRounds "9"]
[EventCountry "HUN"]
[EventCategory "6"]
[SourceTitle "EXT 2024"]
[Source "ChessBase"]
[SourceDate "2023.10.10"]
[SourceVersion "1"]
[SourceVersionDate "2023.10.10"]
[SourceQuality "1"]

1. d4 d5 2. c4 dxc4 3. e4 e5 4. Nf3 Bb4+ 5. Bd2 Bxd2+ 6. Nbxd2 exd4 7. Bxc4 Nc6 8. 0-0 Nge7 9. Ng5 Ne5 10. Bb3 N7c6 11. f4 Bg4 12. Qe1 h6 13. Qg3 hxg5 14. fxe5 Be6 15. Bxe6 fxe6 16. Nf3 Qe7 17. Nxg5 Rh5 18. h4 0-0-0 19. Qf4 d3 20. Rad1 Nd4 21. Qg4 Ne2+ 22. Kf2 Qc5+ 23. Ke1 Nc1 24. Qf3 Rxh4 25. Nxe6 Qxe5 26. Nxd8 Rxe4+ 27. Kf2 Qd4+ 28. Kg3 Ne2+ 0-1

[Event "Wch U12 blitz"]
[Site "Batumi"]
[Date "2023.06.11"]
[Round "11"]
[White "Karakhanyan, Vazgen"]
[Black "Yeganegi, Barad"]
[Result "1/2-1/2"]
[WhiteElo "1258"]
[BlackElo "1989"]
[PlyCount "215"]
[EventDate "2023.06.10"]
[EventType "swiss (blitz)"]
[EventRounds "11"]
[EventCountry "GEO"]
[SourceTitle "EXT 2024"]
[Source "ChessBase"]
[SourceDate "2023.10.10"]
[SourceVersion "1"]
[SourceVersionDate "2023.10.10"]
[SourceQuality "1"]
[WhiteTeam "Armenia"]
[BlackTeam "Iran"]
[WhiteTeamCountry "ARM"]
[BlackTeamCountry "IRI"]

1. d4 d5 2. c4 e6 3. Nc3 Bb4 4. cxd5 exd5 5. Nf3 c6 6. a3 Bd6 7. Bg5 Nf6 8. e3 h6 9. Bh4 Bf5 10. Bd3 Bxd3 11. Qxd3 Nbd7 12. 0-0 0-0 13. b4 a6 14. Rac1 Qc7 15. Qf5 Rae8 16. Bg3 Bxg3 17. hxg3 Qd6 18. Nd2 b5 19. Nb3 Nb6 20. Na5 Nc4 21. Nxc4 dxc4 22. Rfd1 Nd5 23. Ne4 Qe7 24. Nc5 Ra8 25. e4 Nf6 26. d5 cxd5 27. e5 Ne4 28. Nd7 Qe6 29. Qxe6 fxe6 30. Nxf8 Rxf8 31. Rc2 Rf5 32. g4 Rg5 33. f3 Rxe5 34. f4 Nc3 35. Rxc3 Re4 36. f5 d4 37. Rf3 e5 38. Kf2 Rxg4 39. g3 Rg5 40. f6 e4 41. f7+ Kf8 42. Rf4 e3+ 43. Ke2 d3+ 44. Kxe3 Rxg3+ 45. Kd4 Rg6 46. Re1 Rd6+ 47. Kc3 Rd8 48. Kd2 g5 49. Rf6 h5 50. Rxa6 Kxf7 51. Rb6 Rd5 52. Rc6 Rf5 53. Rc5 Rf2+ 54. Kd1 Ra2 55. Re3 Ra1+ 56. Kd2 Ra2+ 57. Kc1 Rc2+ 58. Kd1 Ra2 59. Rxb5 Rxa3 60. Rc5 Ra1+ 61. Kd2 Ra2+ 62. Kc1 Rc2+ 63. Kd1 g4 64. b5 h4 65. b6 g3 66. b7 Rb2 67. Rxc4 Rxb7 68. Rxd3 g2 69. Rf4+ Ke6 70. Re3+ Kd5 71. Rg4 Rb1+ 72. Ke2 g1Q 73. Rxg1 Rxg1 74. Rh3 Rg4 75. Kf3 Ra4 76. Kg2 Ke5 77. Rb3 Kf5 78. Kh3 Re4 79. Rb5+ Kg6 80. Rb6+ Kg5 81. Rb5+ Kf4 82. Kxh4 Re8 83. Rb4+ Kf3 84. Rb3+ Kf4 85. Rb4+ Ke3 86. Rb3+ Kd4 87. Rb4+ Kc5 88. Rg4 Rh8+ 89. Kg3 Kd5 90. Rg5+ Ke4 91. Rg4+ Kf5 92. Rf4+ Ke5 93. Rg4 Ra8 94. Rb4 Ra3+ 95. Kg4 Ra8 96. Rb1 Rg8+ 97. Kf3 Rf8+ 98. Ke3 Rh8 99. Rb5+ Kd6 100. Rb6+ Kc5 101. Rg6 Rh3+ 102. Ke4 Rh4+ 103. Ke5 Rh5+ 104. Kf4 Rh3 105. Rd6 Rc3 106. Rd8 Kb4 107. Rb8+ Ka3 108. Ke4 1/2-1/2

[Event "Wch U12 rapid"]
[Site "Batumi"]
[Date "2023.06.07"]
[Round "7"]
[White "Yeganegi, Barad"]
[Black "Dau, Khuong Duy"]
[Result "0-1"]
[WhiteElo "1931"]
[BlackElo "2171"]
[PlyCount "60"]
[EventDate "2023.06.06"]
[EventType "swiss (rapid)"]
[EventRounds "11"]
[EventCountry "GEO"]
[SourceTitle "EXT 2024"]
[Source "ChessBase"]
[SourceDate "2023.10.10"]
[SourceVersion "1"]
[SourceVersionDate "2023.10.10"]
[SourceQuality "1"]
[WhiteTeam "Iran"]
[BlackTeam "Vietnam"]
[WhiteTeamCountry "IRI"]
[BlackTeamCountry "VIE"]

1. d4 Nf6 2. c4 g6 3. Nc3 Bg7 4. e4 d6 5. f4 0-0 6. Nf3 c5 7. d5 e6 8. Be2 exd5 9. cxd5 b5 10. e5 dxe5 11. fxe5 Ng4 12. 0-0 Nxe5 13. Nxe5 Bxe5 14. Bf4 Bxf4 15. Rxf4 Qd6 16. Qd2 Nd7 17. Bxb5 f5 18. Bc6 Rb8 19. Nb5 Qf6 20. Re1 Ne5 21. Nxa7 Ba6 22. Ra4 Nd3 23. Rb1 Rb6 24. b3 f4 25. Bb5 Rxb5 26. Qxd3 Ra5 27. Qe4 Rxa4 28. bxa4 Bc8 29. Nxc8 Rxc8 30. d6 c4 0-1

[Event "Nakhchivan IM"]
[Site "Nakhchivan"]
[Date "2022.11.20"]
[Round "8.1"]
[White "Yeganegi, Barad"]
[Black "Makaraci, Tunahan"]
[Result "1/2-1/2"]
[WhiteElo "2060"]
[BlackElo "2275"]
[PlyCount "61"]
[EventDate "2022.11.17"]
[EventType "schev"]
[EventRounds "10"]
[EventCountry "AZE"]
[SourceTitle "CBM 211 Extra"]
[Source "ChessBase"]
[SourceDate "2023.01.31"]
[SourceVersion "1"]
[SourceVersionDate "2023.01.31"]
[SourceQuality "1"]
[WhiteTeam "Challengers"]
[BlackTeam "Experts"]
[WhiteTeamCountry "IRI"]
[BlackTeamCountry "AZE"]

1. d4 Nf6 2. c4 e6 3. Nc3 Bb4 4. f3 c5 5. d5 b5 6. e4 d6 7. Bd2 Bxc3 8. Bxc3 b4 9. Bd2 0-0 10. Be3 exd5 11. cxd5 Nfd7 12. Ne2 Nb6 13. Ng3 f5 14. exf5 Bxf5 15. Bd3 Bxd3 16. Qxd3 N8d7 17. 0-0 Nf6 18. Bg5 Qd7 19. Bxf6 Rxf6 20. b3 Qf7 21. Rad1 Re8 22. Ne4 Rg6 23. f4 Qxd5 24. f5 Rg4 25. Qxd5+ Nxd5 26. Rxd5 Rexe4 27. Rxd6 Re2 28. Rf2 Re1+ 29. Rf1 Re2 30. Rf2 Re1+ 31. Rf1 1/2-1/2

[Event "FIDE Youth Super Final U12"]
[Site "Tornelo INT"]
[Date "2021.12.19"]
[Round "3"]
[White "Mishra, Abhimanyu"]
[Black "Yeganegi, Barad"]
[Result "1-0"]
[WhiteElo "2510"]
[BlackElo "1855"]
[PlyCount "95"]
[EventDate "2021.12.18"]
[EventType "tourn (rapid)"]
[EventRounds "10"]
[EventCountry "NET"]
[SourceTitle "EXT 2023"]
[Source "ChessBase"]
[SourceDate "2022.10.05"]
[SourceVersion "1"]
[SourceVersionDate "2022.10.05"]
[SourceQuality "1"]

1. e4 c5 2. Nf3 Nc6 3. Bb5 g6 4. 0-0 Bg7 5. c3 Nf6 6. Re1 0-0 7. d4 d5 8. e5 Ne4 9. Bxc6 bxc6 10. Be3 cxd4 11. cxd4 Qb6 12. Qc1 Rb8 13. b3 Bg4 14. h3 Be6 15. Nc3 Nxc3 16. Qxc3 Rfc8 17. Rac1 a5 18. Bd2 Ra8 19. Qe3 Bd7 20. Rc5 Qd8 21. Qf4 Bf5 22. g4 Be6 23. Rec1 Qd7 24. Rxa5 Rxa5 25. Bxa5 f6 26. Bb4 Rf8 27. exf6 Bxf6 28. Ne5 Qb7 29. Be1 Qa8 30. Qe3 Qxa2 31. Nxc6 Bf7 32. Bb4 Qb2 33. Re1 Re8 34. Nxe7+ Kg7 35. Bc5 h6 36. b4 Rxe7 37. Bxe7 Bxd4 38. Qf3 Qc3 39. Qxc3 Bxc3 40. Rd1 Be6 41. Bc5 Kf7 42. b5 Ke8 43. Bd4 Ba5 44. Ra1 Bd8 45. Ra7 Bd7 46. b6 h5 47. b7 Bc7 48. Ra8+ 1-0

[Event "FIDE Youth Super Final U12"]
[Site "Tornelo INT"]
[Date "2021.12.18"]
[Round "1"]
[White "Yeganegi, Barad"]
[Black "Zemlyanskii, Ivan"]
[Result "0-1"]
[WhiteElo "1855"]
[BlackElo "2169"]
[PlyCount "110"]
[EventDate "2021.12.18"]
[EventType "tourn (rapid)"]
[EventRounds "10"]
[EventCountry "NET"]
[SourceTitle "EXT 2023"]
[Source "ChessBase"]
[SourceDate "2022.10.05"]
[SourceVersion "1"]
[SourceVersionDate "2022.10.05"]
[SourceQuality "1"]

1. d4 Nf6 2. c4 e6 3. Nc3 Bb4 4. f3 c5 5. d5 d6 6. e4 0-0 7. Bd3 b5 8. a4 bxc4 9. Bxc4 exd5 10. Bxd5 Nxd5 11. Qxd5 Qc7 12. Bf4 Rd8 13. Nge2 Nc6 14. 0-0 Be6 15. Qg5 Ne5 16. Rad1 f6 17. Qg3 Qf7 18. Nd5 Ba5 19. Nec3 Rab8 20. Nb5 Kh8 21. Bc1 a6 22. Na3 Bb4 23. f4 Nc6 24. Nc2 f5 25. Ndxb4 Nxb4 26. Nxb4 Rxb4 27. exf5 Bxf5 28. Be3 Qe7 29. Rfe1 Re4 30. Bd2 d5 31. Ba5 Rd7 32. Qg5 Qf7 33. Rxe4 Bxe4 34. Bc3 Kg8 35. Qe5 h6 36. b4 Re7 37. Qd6 cxb4 38. Bxb4 Re6 39. Qd8+ Kh7 40. Qf8 Qg6 41. g3 Rf6 42. Qc5 Rc6 43. Qe3 Rc2 44. Rd2 Rc1+ 45. Kf2 Qh5 46. h4 Qf5 47. Re2 Rh1 48. Qd2 Qg4 49. Ke3 Qxg3+ 50. Kd4 Qxh4 51. Bd6 Qf6+ 52. Kc5 Rb1 53. Kc6 Qd8 54. Rxe4 Rb6+ 55. Kxd5 Qxd6+ 0-1

[Event "Eastern Asia-ch U10"]
[Site "Tornelo INT"]
[Date "2021.10.30"]
[Round "4"]
[White "Li, Yiheng"]
[Black "Yeganegi, Barad"]
[Result "0-1"]
[WhiteElo "1344"]
[BlackElo "1733"]
[PlyCount "116"]
[EventDate "2021.10.29"]
[EventType "swiss"]
[EventRounds "9"]
[EventCountry "NET"]
[SourceTitle "EXT 2023"]
[Source "ChessBase"]
[SourceDate "2022.10.05"]
[SourceVersion "1"]
[SourceVersionDate "2022.10.05"]
[SourceQuality "1"]

1. e4 c5 2. Nf3 Nc6 3. Bb5 g6 4. 0-0 Bg7 5. Re1 Nf6 6. e5 Nd5 7. Nc3 Nc7 8. Bxc6 dxc6 9. Ne4 Ne6 10. d3 0-0 11. Be3 b6 12. Qd2 Nd4 13. Nxd4 cxd4 14. Bh6 Bxe5 15. Bxf8 Qxf8 16. f4 Bg7 17. a4 Bh6 18. Qf2 Qd8 19. a5 bxa5 20. Nc5 Qd6 21. Rxa5 Bxf4 22. Qh4 Bd2 23. Ne4 Qf4 24. Qxf4 Bxf4 25. g3 Bc7 26. Ra4 f5 27. Nc5 e5 28. Kg2 Kg7 29. b3 Kf6 30. Na6 Bb6 31. Nb4 Bb7 32. Na2 c5+ 33. Kg1 Bc6 34. Ra6 Bb5 35. Ra3 Re8 36. b4 c4 37. Nc1 cxd3 38. cxd3 e4 39. Kg2 Rc8 40. Re2 Rxc1 41. Rd2 e3 42. Re2 Bc6+ 43. Kh3 Bf3 44. Rb2 e2 45. Rxe2 Bxe2 46. Kg2 Rc3 47. Ra2 Bxd3 48. Rd2 Rc2 49. Rxc2 Bxc2 50. Kf1 d3 51. Ke1 Be3 52. b5 d2+ 53. Ke2 d1Q+ 54. Kxe3 Qd3+ 55. Kf2 Qd2+ 56. Kf1 Bd3+ 57. Kg1 Qe1+ 58. Kg2 Qf1# 0-1

[Event "Eastern Asia-ch U10"]
[Site "Tornelo INT"]
[Date "2021.10.30"]
[Round "6"]
[White "Neshan, Arshiya"]
[Black "Yeganegi, Barad"]
[Result "0-1"]
[WhiteElo "1144"]
[BlackElo "1733"]
[PlyCount "128"]
[EventDate "2021.10.29"]
[EventType "swiss"]
[EventRounds "9"]
[EventCountry "NET"]
[SourceTitle "EXT 2023"]
[Source "ChessBase"]
[SourceDate "2022.10.05"]
[SourceVersion "1"]
[SourceVersionDate "2022.10.05"]
[SourceQuality "1"]

1. e4 c5 2. Nf3 Nc6 3. d4 cxd4 4. Nxd4 g6 5. Nc3 Bg7 6. Be3 Nf6 7. f3 0-0 8. Qd2 d5 9. exd5 Nxd5 10. Nxc6 bxc6 11. Nxd5 cxd5 12. c3 e5 13. Be2 d4 14. cxd4 exd4 15. Bf2 Bf5 16. g4 d3 17. gxf5 Re8 18. 0-0 Rxe2 19. Qf4 d2 20. fxg6 hxg6 21. Qc4 Qg5+ 22. Bg3 Rae8 23. Rad1 Qf6 24. b3 Qd4+ 25. Qxd4 Bxd4+ 26. Kh1 Be3 27. b4 Rc8 28. a4 Rc4 29. Rb1 Rc1 30. Rd1 Bf4 31. Rbxc1 dxc1Q 32. Rxc1 Bxc1 33. Bb8 Be3 34. a5 Rb2 35. Bd6 Bd2 36. Bc5 Bxb4 37. Bxa7 Bxa5 38. f4 Bb6 39. Bb8 Rf2 40. h4 Be3 41. h5 gxh5 42. Be5 Bxf4 43. Bd4 Rd2 44. Ba7 Kh7 45. Bb6 Kg6 46. Ba7 Kf5 47. Bg1 Kg4 48. Bc5 Kh3 49. Bb6 Rd1+ 50. Bg1 Rxg1+ 51. Kxg1 Bb8 52. Kh1 f5 53. Kg1 Kg3 54. Kh1 f4 55. Kg1 f3 56. Kh1 Kf4 57. Kg1 Ke3 58. Kf1 f2 59. Kg2 Ke2 60. Kh3 f1Q+ 61. Kh4 Qg2 62. Kxh5 Bf4 63. Kh4 Qg3+ 64. Kh5 Qg5# 0-1

[Event "Eastern Asia-ch U10"]
[Site "Tornelo INT"]
[Date "2021.10.29"]
[Round "2"]
[White "Pir, Mehdi"]
[Black "Yeganegi, Barad"]
[Result "0-1"]
[WhiteElo "1129"]
[BlackElo "1733"]
[PlyCount "104"]
[EventDate "2021.10.29"]
[EventType "swiss"]
[EventRounds "9"]
[EventCountry "NET"]
[SourceTitle "EXT 2023"]
[Source "ChessBase"]
[SourceDate "2022.10.05"]
[SourceVersion "1"]
[SourceVersionDate "2022.10.05"]
[SourceQuality "1"]

1. e4 c5 2. Nf3 Nc6 3. Bb5 g6 4. 0-0 Bg7 5. Re1 Nf6 6. e5 Nd5 7. Nc3 Nc7 8. Bxc6 dxc6 9. Ne4 Ne6 10. d3 0-0 11. Be3 b6 12. Qd2 Nd4 13. Nxd4 cxd4 14. Bh6 Bf5 15. Ng3 Be6 16. Re4 Bd5 17. Rh4 Bxe5 18. Bxf8 Qxf8 19. Ne4 f5 20. Ng3 Bf6 21. Rh3 e5 22. f4 exf4 23. Qxf4 Qe7 24. Nxf5 gxf5 25. Qxf5 Rf8 26. Qh5 Qf7 27. Qh6 Kh8 28. Rf1 Qg7 29. Qxg7+ Bxg7 30. Rxf8+ Bxf8 31. g4 Kg7 32. Kf2 Kg6 33. Rg3 Bd6 34. Rg1 Bxh2 35. Re1 Bd6 36. c3 dxc3 37. bxc3 b5 38. Rc1 Bxa2 39. c4 bxc4 40. dxc4 Bb3 41. Ke2 a5 42. c5 Be5 43. Kd3 a4 44. Re1 Bf6 45. Rb1 Bd5 46. Rb4 a3 47. Ra4 a2 48. Rxa2 Bxa2 49. Ke4 Bb1+ 50. Ke3 Kg5 51. Kd2 Bd4 52. Kc1 Be4 0-1

[Event "Eastern Asia-ch U10"]
[Site "Tornelo INT"]
[Date "2021.10.29"]
[Round "3"]
[White "Yeganegi, Barad"]
[Black "Alaukik, Sinha"]
[Result "1-0"]
[WhiteElo "1733"]
[BlackElo "1226"]
[PlyCount "113"]
[EventDate "2021.10.29"]
[EventType "swiss"]
[EventRounds "9"]
[EventCountry "NET"]
[SourceTitle "EXT 2023"]
[Source "ChessBase"]
[SourceDate "2022.10.05"]
[SourceVersion "1"]
[SourceVersionDate "2022.10.05"]
[SourceQuality "1"]

1. c4 c5 2. Nc3 Nc6 3. g3 g6 4. Bg2 Bg7 5. e4 e5 6. Nge2 Nge7 7. 0-0 0-0 8. d3 d6 9. Rb1 Bd7 10. a3 a5 11. Nb5 Be6 12. Be3 f5 13. f4 Nd4 14. Nbxd4 exd4 15. Bf2 Nc6 16. exf5 Bxf5 17. h3 Qc7 18. g4 Bd7 19. Bg3 Rae8 20. Qd2 Kh8 21. Rbe1 Re7 22. Nc1 Rfe8 23. Rxe7 Rxe7 24. f5 Rf7 25. fxg6 Rxf1+ 26. Bxf1 hxg6 27. Qg5 Kh7 28. Bg2 Bh6 29. Qf6 Bxc1 30. Bxd6 Be3+ 31. Kh2 Qd8 32. Qf7+ Kh6 33. g5+ Kxg5 34. Bxc6 Qf6 35. Qxf6+ Kxf6 36. Bxd7 Bc1 37. Bxc5 Bxb2 38. a4 Bc3 39. Bc8 Bb4 40. Bxd4+ Ke7 41. Bxb7 Bd6+ 42. Kg2 Bc7 43. Be4 Kf7 44. Kf3 Bd8 45. Kg4 Bc7 46. c5 Bd8 47. Be5 Ke6 48. Bf4 Kf6 49. Bg5+ Ke5 50. Bxd8 Kd4 51. c6 Ke3 52. c7 Ke2 53. c8Q Kd2 54. Bg5+ Ke2 55. Qc2+ Ke1 56. Bh4+ Kf1 57. Qf2# 1-0